000 00458nam a2200181Ia 4500
008 100917s9999 xx 000 0 und d
082 _b54731
100 _aबोरकर कमलाकर
245 _aशापित
260 _bत्रदिल प्रकाशन
_c1982
300 _a77
365 _b6
520 _aनाटक
630 _aशापित
650 _aनाटक
730 _aशापित
942 _cBOOK
999 _c660125
_d660122